000 00612nam a2200241Ia 4500
003 OSt
005 20221005084123.0
006 a|||||r|||| 00| 0
007 ta
008 221004b |||||||| |||| 00| 0 eng d
024 _a48314
037 _cTextual
040 _aCRL
_cCRL
_beng
041 _2eng
_aeng
082 _aO111:gv, K2
100 _aHighet Gilbert
245 0 _aAnatomy of Satire
260 _aNew Jersey
_bPrentice Hall
_c1962
300 _a301p.
_ccm.
650 _aENGLISH LITERATURE
942 _hO111:gv, K2
_cTEXL
_2cc
999 _c992050
_d992050